000 00498nam a2200181Ia 4500
005 20250508161943.0
008 008 250505s9999 xx 000 0 hin d
037 _aTextual
040 _aFEDL
_beng
_cFEDL
041 _ahin
_2eng
084 _aF, VAR
_qFEDL
100 _aVaragi Dhanjay
_9771877
245 0 _aNamak ka putala sagar mein
260 _aNew Delhi, India
_bBharatiya Gyan Peeth Prakashan
_c1978
300 _a344p
942 _cTEXL
_hF, VAR
999 _c1373468
_d1373468